000 00718nam a2200217 a 4500
008 010530s2001 m yxo aa r y 0 slo c
020 _a8090048242
_cDar
040 _aSNK
_bslo
_cSNK
_eAACR2
041 1 _aslo
_acze
044 _axo
_cSK
080 _a616-21:617.5-089
100 1 _aSičák, Marián
_4aut
245 1 0 _aFunkčná endoskopická chirurgia prinosových dutín
_cMarián Sičák
260 _aMartin
_bKozák-Press
_c2001
300 _a126 s.
_bfareb. fotogr.
_c28 cm
500 _aČiast. text čes.
504 _aBibliogr. s. 119-122
650 0 7 _aotorinolaryngológia
_xchirurgia edoskopická
_xmonografie
_2SNK
650 0 7 _adutiny prinosové
_xchirurgia endoskopická
_xmonografie
_2SNK
958 _aAPP
999 _c19943
_d19943